Electrochemical surface science (Record no. 4368)

000 -LEADER
fixed length control field 00678nam a2200217 a 4500
001 - CONTROL NUMBER
control field 4368
003 - CONTROL NUMBER IDENTIFIER
control field BD-DhUET
008 - FIXED-LENGTH DATA ELEMENTS--GENERAL INFORMATION
fixed length control field 0
020 ## - INTERNATIONAL STANDARD BOOK NUMBER
International Standard Book Number 0841215421
040 ## - CATALOGING SOURCE
Modifying agency BD-DhUET
Transcribing agency 0
082 0# - DEWEY DECIMAL CLASSIFICATION NUMBER
Classification number 541.37
Item number SOR/1988
245 00 - TITLE STATEMENT
Title Electrochemical surface science
Remainder of title molecular phenomena at electrode surfaces
Statement of responsibility, etc. by Manuel P. Soriaga, editor
250 ## - EDITION STATEMENT
Edition statement 1st ed
260 0# - PUBLICATION, DISTRIBUTION, ETC. (IMPRINT)
Place of publication, distribution, etc. Washington, DC
Name of publisher, distributor, etc. American Chemical Society
Date of publication, distribution, etc. 1988
300 ## - PHYSICAL DESCRIPTION
Extent xii,553p.
504 ## - BIBLIOGRAPHY, ETC. NOTE
Bibliography, etc Includes bibliographies
650 #0 - SUBJECT ADDED ENTRY--TOPICAL TERM
Topical term or geographic name as entry element Surface chemistry
700 10 - ADDED ENTRY--PERSONAL NAME
Personal name Soriaga, Manuel P.,
942 ## - ADDED ENTRY ELEMENTS (KOHA)
Koha item type Edited Book
856 40 - ELECTRONIC LOCATION AND ACCESS
Uniform Resource Identifier http://www.columbia.edu/cgi-bin/cul/resolve?clio9343889
Public note Full text available from ACS Symposium Series
Holdings
Location (home branch) Lost status Withdrawn status Piece designation (barcode) Not for loan Copy number Koha normalized classification for sorting Price effective from Koha item type Koha date last seen Shelving location Damaged status Sublocation or collection (holding branch) Date acquired Source of classification or shelving scheme Koha full call number
Central Library, BUET  89131 1541_370000000000000_SOR_19882014-11-15Edited Book2014-11-15Circulation section Central Library, BUET2014-11-15 541.37/SOR/1988